<?xml version="1.0" encoding="UTF-8"?>
<record
    xmlns:xsi="http://www.w3.org/2001/XMLSchema-instance"
    xsi:schemaLocation="http://www.loc.gov/MARC21/slim http://www.loc.gov/standards/marcxml/schema/MARC21slim.xsd"
    xmlns="http://www.loc.gov/MARC21/slim">

  <leader>03351nam a2200529Ia 4500</leader>
  <controlfield tag="001">2945</controlfield>
  <controlfield tag="008">241029s9999    xx            000 0 und d</controlfield>
  <datafield tag="010" ind1=" " ind2=" ">
    <subfield code="a">2764</subfield>
  </datafield>
  <datafield tag="041" ind1=" " ind2=" ">
    <subfield code="a">Espa&#xF1;ol</subfield>
  </datafield>
  <datafield tag="082" ind1=" " ind2=" ">
    <subfield code="a">TS-00005</subfield>
  </datafield>
  <datafield tag="245" ind1=" " ind2="0">
    <subfield code="a">Dificultades de aprendizaje en la comprensi&#xF3;n y producci&#xF3;n escrita en los alumnos/as del 3er. Grado del Nivel B&#xE1;sico del Distrito Educativo 02-07, de Hondo Valle.</subfield>
  </datafield>
  <datafield tag="260" ind1=" " ind2=" ">
    <subfield code="a">El&#xED;as Pi&#xF1;a</subfield>
  </datafield>
  <datafield tag="300" ind1=" " ind2=" ">
    <subfield code="a">70</subfield>
  </datafield>
  <datafield tag="520" ind1=" " ind2=" ">
    <subfield code="a">17</subfield>
  </datafield>
  <datafield tag="630" ind1=" " ind2=" ">
    <subfield code="a">Producci&#xF3;n Escrita</subfield>
  </datafield>
  <datafield tag="650" ind1=" " ind2=" ">
    <subfield code="a">Lengua Espa&#xF1;ola</subfield>
  </datafield>
  <datafield tag="690" ind1=" " ind2=" ">
    <subfield code="a">Copiado sin cambios</subfield>
  </datafield>
  <datafield tag="700" ind1=" " ind2=" ">
    <subfield code="e">asesor</subfield>
    <subfield code="a">Espinal, Olga</subfield>
  </datafield>
  <datafield tag="700" ind1=" " ind2=" ">
    <subfield code="e">autor</subfield>
    <subfield code="a">Montero Montero, Orlando</subfield>
  </datafield>
  <datafield tag="700" ind1=" " ind2=" ">
    <subfield code="e">autor</subfield>
    <subfield code="a">Morillo Montero, Nenito </subfield>
  </datafield>
  <datafield tag="901" ind1=" " ind2=" ">
    <subfield code="a">{"1":"Montero Montero","2":"Morillo Montero"}</subfield>
    <subfield code="b">{"1":"Orlando","2":"Nenito "}</subfield>
  </datafield>
  <datafield tag="902" ind1=" " ind2=" ">
    <subfield code="a">1</subfield>
  </datafield>
  <datafield tag="903" ind1=" " ind2=" ">
    <subfield code="a">{"1":"Espinal"}</subfield>
    <subfield code="b">{"1":"Olga"}</subfield>
  </datafield>
  <datafield tag="904" ind1=" " ind2=" ">
    <subfield code="a">Maestr&#xED;a en</subfield>
  </datafield>
  <datafield tag="905" ind1=" " ind2=" ">
    <subfield code="a">Ling&#xFC;&#xED;stica Aplicada</subfield>
  </datafield>
  <datafield tag="906" ind1=" " ind2=" ">
    <subfield code="a">1</subfield>
  </datafield>
  <datafield tag="907" ind1=" " ind2=" ">
    <subfield code="a">con Aplicaci&#xF3;n a</subfield>
  </datafield>
  <datafield tag="908" ind1=" " ind2=" ">
    <subfield code="a">Ense&#xF1;anza de las Ciencias Administrativas</subfield>
  </datafield>
  <datafield tag="909" ind1=" " ind2=" ">
    <subfield code="a">ISFODOSU, Recinto Urania Mont&#xE1;s</subfield>
  </datafield>
  <datafield tag="910" ind1=" " ind2=" ">
    <subfield code="a">NULL</subfield>
    <subfield code="b">NULL</subfield>
  </datafield>
  <datafield tag="911" ind1=" " ind2=" ">
    <subfield code="a">["1"]</subfield>
  </datafield>
  <datafield tag="912" ind1=" " ind2=" ">
    <subfield code="a">NO APLICA</subfield>
  </datafield>
  <datafield tag="913" ind1=" " ind2=" ">
    <subfield code="a">NULL</subfield>
  </datafield>
  <datafield tag="914" ind1=" " ind2=" ">
    <subfield code="a">07 de Enero de 2010</subfield>
  </datafield>
  <datafield tag="915" ind1=" " ind2=" ">
    <subfield code="a">01/12/19 01:12</subfield>
  </datafield>
  <datafield tag="916" ind1=" " ind2=" ">
    <subfield code="a">NULL</subfield>
  </datafield>
  <datafield tag="917" ind1=" " ind2=" ">
    <subfield code="a">NULL</subfield>
  </datafield>
  <datafield tag="918" ind1=" " ind2=" ">
    <subfield code="a">NO APLICA</subfield>
  </datafield>
  <datafield tag="919" ind1=" " ind2=" ">
    <subfield code="a">["166"]</subfield>
  </datafield>
  <datafield tag="520" ind1=" " ind2=" ">
    <subfield code="a">En este trabajo de investigaci&#xF3;n, se propuso como objetivo general, describir las dificultades de comprensi&#xF3;n y producci&#xF3;n escrita que presentan los alumnos del 3er grado del Nivel B&#xE1;sico del Distrito Educativo 02-02 de Hondo Valle y como objetivos espec&#xED;ficos, describir las principales dificultades que presentaron los ni&#xF1;os de este grado en la comprensi&#xF3;n y producci&#xF3;n escrita. Identificar las caracter&#xED;sticas de los docentes de 1ro, 2do y 3er grado del Nivel B&#xE1;sico del Distrito Educativo 02-07 de Hondo Valle. Determinar cu&#xE1;les estrategias se pueden implementar para el aprendizaje de la comprensi&#xF3;n y producci&#xF3;n escrita en los alumnos del 3er grado del Nivel B&#xE1;sico.La metodolog&#xED;a que se utiliz&#xF3; para la realizaci&#xF3;n de esta investigaci&#xF3;n, es de naturaleza cuantitativa y la implementaci&#xF3;n de algunas t&#xE9;cnicas como son: la documental, el cuestionario, la entrevista y la observaci&#xF3;n de los hechos. En esta investigaci&#xF3;n, se observ&#xF3; que los materiales de apoyo que utilizaban los maestros para la ense&#xF1;anza de la comprensi&#xF3;n y producci&#xF3;n escrita no son aptos para este tipo de ense&#xF1;anza. En cuanto a las caracter&#xED;sticas de los maestros consultados, se comprob&#xF3; que estos son nuevos en el servicio, poseen t&#xED;tulo, pero en la actualidad no estudian. En cuanto a las estrategias y recursos utilizados para la ense&#xF1;anza de la lengua, se not&#xF3;, que estas no se corresponden con lo planteado en la propuesta curricular del Nivel B&#xE1;sico.En el proceso de ense&#xF1;anza-aprendizaje de los alumnos, se encontraron las siguientes dificultades: lectura en forma sil&#xE1;bica, no interpretan lo que leen, no conocen el significado convencional de la palabra, oraciones y p&#xE1;rrafos, no conocen la forma convencional de las letras, las palabras y las oraciones, escriben en forma no convencional y de manera desorganizada, uso inadecuado del lenguaje tanto oral como escrito.</subfield>
  </datafield>
  <datafield tag="921" ind1=" " ind2=" ">
    <subfield code="a">24</subfield>
  </datafield>
  <datafield tag="922" ind1=" " ind2=" ">
    <subfield code="a">24</subfield>
  </datafield>
  <datafield tag="923" ind1=" " ind2=" ">
    <subfield code="a">0</subfield>
  </datafield>
  <datafield tag="924" ind1=" " ind2=" ">
    <subfield code="a">NO APLICA</subfield>
  </datafield>
  <datafield tag="942" ind1=" " ind2=" ">
    <subfield code="c">Tesis</subfield>
  </datafield>
  <datafield tag="999" ind1=" " ind2=" ">
    <subfield code="c">2764</subfield>
    <subfield code="d">2764</subfield>
  </datafield>
</record>
